000 00400nam a22001697a 4500
005 20160616123716.0
008 160616b xxu||||| |||| 00| 0 eng d
020 _a981-240-630-9
041 _aeng
082 _b7979
100 _aKing, Nigel and Anderson Neil
_92024
245 _aManaging Innovation and Change
260 _bThomson
300 _a227
650 _aManagement
_9241
942 _cBK
999 _c2948
_d2947